| 000 | 00833nam a2200277 i 4500 | ||
|---|---|---|---|
| 001 | 9946 | ||
| 003 | ES-MaACL | ||
| 005 | 20230906145805.0 | ||
| 007 | t| | ||
| 008 | 940527s1989 sp ||||1| spa d | ||
| 020 | _a84-85858-33-6 | ||
| 080 | _a75(46)"1943/..." Yosso | ||
| 080 | _a7 Yosso | ||
| 080 | _a86-14"19" | ||
| 080 | _a869.9-14"19" | ||
| 080 | _a86(Xosé de Valbuxán 3.01) | ||
| 080 | _a869.9(Xosé de Valbuxán 3.01) | ||
| 245 | 0 | 0 |
_aYosso, el cisne de Valbuxán _b: [antología crítica-antología poética]. |
| 260 |
_a[Orense] : _bObra Cultural, Caixa Ourense, _c1989. |
||
| 300 |
_a382 p. : _bil. col. y n. ; _c30 cm. |
||
| 500 | _aTexto castellano y gallego. | ||
| 600 | 1 | 4 |
_aXosé de Valbuxán. _9117522 |
| 600 | 1 | 4 |
_aYosso. _9117672 |
| 700 | 1 |
_aYosso. _9117672 |
|
| 852 |
_aES-MaACL _jL-17473 _bR.122690 |
||
| 999 |
_c9946 _d9946 |
||